|
|
|
|
| LEADER |
00000cam a2200000 7i4500 |
| 001 |
0000029068 |
| 005 |
20021119093000.0 |
| 008 |
021119n |
| 020 |
|
|
|a 0870065300
|
| 090 |
0 |
0 |
|a HD31
|b .W72 1985
|
| 100 |
0 |
|
|a Wright, R. Thomas ,
|e author
|
| 245 |
0 |
0 |
|a Exploring production
|c by R. Thomas Wright and Richard M. Henak
|
| 260 |
2 |
|
|a South Holland, Ill. :
|b The Goodheart-Wilcox Co. ,
|c 1985
|
| 300 |
|
|
|a 544 p. ; ;
|c 29 cm.
|
| 504 |
|
|
|a Includes index
|
| 650 |
|
0 |
|a Industrial management
|
| 650 |
|
0 |
|a Production management
|
| 700 |
0 |
|
|a Henak, Richard M. ,
|e author
|
| 999 |
|
|
|a 1000050541
|b Book
|c OPEN SHELF (30 DAYS)
|e Gong Badak Campus
|